Anales de la sexta reunión de consulta con organizaciones no gubernamentales de América Latina y el Caribe vinculadas con el medio ambiente urbano /

Esta es una compilación de ponencias sobre la participación de la sociedad civil en la vida local urbana latinoamericana y del Caribe. Se analiza la participación comunitaria desde la perspectiva de una mejor calidad de vida en las ciudades. Se consideró el papel que tienen las organizaciones no gub...

وصف كامل

محفوظ في:
التفاصيل البيبلوغرافية
مؤلف مشترك: Reunión de Consulta con Organizaciones no Gubernamentales de América Latina y el Caribe vinculadas con el Medio Ambiente Urbano ( Curitiba, Brasil)
مؤلفون آخرون: Iglesias, Enrique V. (prólogo) (prólogo), Wirsig, Waldemar W. (introducción) (introducción)
التنسيق: وقائع المؤتمر كتاب
اللغة:الإسبانية
منشور في: Washington, EUA : Banco Interamericano de Desarrollo, 1995, c1995
الموضوعات:
الوسوم: إضافة وسم
لا توجد وسوم, كن أول من يضع وسما على هذه التسجيلة!

MARC

LEADER 00000nam^a2200000^a^4500
001 000145703
005 20250521000000.0
009 20260310095846.712
037 |a Acervo ITESO - Biblioteca 
041 |a ESP 
082 |a 361. 250980  |b REU 1995 
111 |a Reunión de Consulta con Organizaciones no Gubernamentales de América Latina y el Caribe vinculadas con el Medio Ambiente Urbano (  |n 6ª:  |d 1995 :  |c Curitiba, Brasil) 
245 1 0 |a Anales de la sexta reunión de consulta con organizaciones no gubernamentales de América Latina y el Caribe vinculadas con el medio ambiente urbano /  |c Pról. de E.V. Inglesias ; introd. de W.W. Wirsig. 
246 2 |a Título en la cubierta: Sexta consulta sobre el medio ambiente 
264 4 |a Washington, EUA :  |b Banco Interamericano de Desarrollo,  |c 1995, c1995 
300 |a 230 p. 
336 |a texto  |b txt  |2 rdacontenido 
337 |a sin mediación  |b n  |2 rdamedio 
338 |a volumen  |b nc  |2 rdasoporte 
520 |a Esta es una compilación de ponencias sobre la participación de la sociedad civil en la vida local urbana latinoamericana y del Caribe. Se analiza la participación comunitaria desde la perspectiva de una mejor calidad de vida en las ciudades. Se consideró el papel que tienen las organizaciones no gubernamentales en sus relaciones con los gobiernos locales, la sociedad civil y el Banco Interamericano de Desarrollo, así como en procesos de toma de decisiones y de gestión compartida, en particular con aquellos grupos sociales con menos recursos. 
649 |a XX 
650 |a Calidad de Vida -  |x Congresos -  |x Tema Principal 
650 |a Calidad Ambiental -  |z Latinoamérica  |x Congresos 
650 |a Calidad Ambiental -  |z Caribe, El 
650 |a Sociedad Civil -  |z Latinoamérica 
650 |a Sociedad Civil -  |z Caribe, el 
650 |a Organizaciones No Gubernamentales -  |z Latinoamérica 
650 |a Organizaciones No Gubernamentales -  |z Caribe, El 
650 |a Organizaciones Internacionales 
650 |a Movimientos Ecologistas -  |z Latinoamérica 
650 |a Movimientos Ecologistas -  |z Caribe, El 
650 |a Participación Social -  |z Latinoamérica 
650 |a Participación Social -  |z Caribe, El 
650 |a Desechos Industriales -  |z Latinoamérica 
650 |a Desechos Industriales -  |z Caribe, El 
650 |a Transporte Urbano -  |z Latinoamérica 
650 |a Transporte Urbano -  |z Caribe, El 
650 |a Infraestructura Urbana -  |z Latinoamérica 
650 |a Infraestructura Urbana -  |z Caribe, El 
650 |a Zonas Urbanas -  |z Latinoamérica 
650 |a Zonas Urbanas -  |z Caribe, El 
650 |a Impacto Ambiental -  |z Latinoamérica 
650 |a Impacto Ambiental -  |z Caribe, El 
650 |a Planeación Urbana -  |z Latinoamérica 
650 |a Planeación Urbana -  |z Caribe, El 
650 |a Medio Ambiente -  |z Caribe, El 
650 |a Medio Ambiente -  |z Latinoamérica 
700 |a Iglesias, Enrique V.  |e (prólogo) 
700 |a Wirsig, Waldemar W.  |e (introducción) 
910 |a Fondo General 
920 |a Impresos - Libros 
930 |a Colección General 
905 |a 101 
901 |a 0500075036  |b IT1  |c ACC  |u 20250521 
902 |a https://opac.biblio.iteso.mx/vufind/Record/000145703